000 00274nam a2200109Ia 4500
005 20251222144707.0
008 251222s9999||||xx |||||||||||||| ||spa||
082 _a658.11/A82
245 0 _aManual de Emprendedores
264 _bUniversidad San Ignacio de Loyola
942 _cLIB
999 _c17668
_d17668